01176nam a22002057a 45000010005000000030006000050050017000110080041000280400029000690820015000981000014001132450080001272600034002073000058002415050008002995200550003075210027008575210018008846500068009029351FISKH20251211143712.0251211b cb ||||| |||| 00| 0 eng d aFISKHbengcFISKHdFISKH a398.209596 aAnonymous aKhmer fable /cIllustrated by the Inclusive Arts Class at Epic Arts, Kampot aKampot ; bEpicarts, c2015.  a16 unnumbered pages : bcolor illustrations ; c20 cm aJ  aKhmer Fables is a collection of traditional Cambodian stories, brought to life through vibrant illustrations created by the Inclusive Arts Class at Epic Arts in Kampot. Each fable reflects themes of Khmer culture, moral lessons, and wisdom handed down through generations. Epic Arts is an organization committed to promoting inclusion and celebrating diversity, especially for individuals with disabilities, through creative and expressive art forms. This book showcases their artistic talents while preserving Cambodian storytelling traditions.8 a500 bLexile estimate 8 aJ bRaz-Plus  2CambodiaaCambodian folklorevTraditional storiesxKhmer fables